LEGAL METHOD AN INTRODUCTION (Record no. 34094)

MARC details
000 -LEADER
fixed length control field 00317nam a22001457a 4500
003 - CONTROL NUMBER IDENTIFIER
control field SGT
020 ## - INTERNATIONAL STANDARD BOOK NUMBER
International Standard Book Number 9788196167004
082 ## - DEWEY DECIMAL CLASSIFICATION NUMBER
Classification number 340.072
Item number AJJ
100 ## - MAIN ENTRY--PERSONAL NAME
Personal name AJJAPPA G V
245 ## - TITLE STATEMENT
Title LEGAL METHOD AN INTRODUCTION
250 ## - EDITION STATEMENT
Edition statement 1
260 ## - PUBLICATION, DISTRIBUTION, ETC. (IMPRINT)
Place of publication, distribution, etc LUCKNOW
Name of publisher, distributor, etc EASTERN BOOK COMPANY
Year of Publication 2023
300 ## - PAGE DESCRIPTION
No. of Pages 182
942 ## - ADDED ENTRY ELEMENTS (KOHA)
Source of classification or shelving scheme Dewey Decimal Classification
Koha item type Books
Holdings
Withdrawn status Lost status Source of classification or shelving scheme Damaged status Not for loan Collection code Home library Current library Shelving location Date acquired Vendor Name Cost, normal purchase price SGTU Bill Number Full call number Accession No. (Barcode) Date last seen Bill Date Koha item type Total Checkouts Date last borrowed
    Dewey Decimal Classification   Not For Loan LAW SGT Science & Social Sciences Library SGT Science & Social Sciences Library Reference Book 17/02/2026 ZAFFA BOOKS 345.00 SGTU ZBD0421 340.072 AJJ FL4063 17/02/2026 04/02/2026 Books    
    Dewey Decimal Classification     LAW SGT Science & Social Sciences Library SGT Science & Social Sciences Library Text Book 17/02/2026 ZAFFA BOOKS 345.00 SGTU ZBD0421 340.072 AJJ FL4064 17/02/2026 04/02/2026 Books    
    Dewey Decimal Classification     LAW SGT Science & Social Sciences Library SGT Science & Social Sciences Library Text Book 17/02/2026 ZAFFA BOOKS 345.00 SGTU ZBD0421 340.072 AJJ FL4065 06/05/2026 04/02/2026 Books 1 30/04/2026